000 00287nam a2200097Ia 4500
008 200302s9999 xx 000 0 und d
100 _aMichael Mc Curdy
245 _aThe Illustrated Harvard Harvard University in wood Engravings and Words
260 _bThe Globe Pequot Press
260 _c1986
999 _c2351
_d2351